Método avanzado de aprendizaje del vocabulario HSK (Registro nro. 14984)
[ vista simple ]
| 000 -LIDER | |
|---|---|
| fixed length control field | 00721nam a22002537a 4500 |
| 003 - IDENTIFICACDOR DE NÚMERO DE CONTROL | |
| control field | DO-SdBPM |
| 005 - DATE AND TIME OF LATEST TRANSACTION | |
| control field | 20250306101922.0 |
| 008 - ELEMENTOS DE LONGITUD FIJA | |
| fixed length control field | 210426b2016 ch 00| 0 spa d |
| 020 ## - ISBN | |
| International Standard Book Number | 9787513810333 |
| 040 ## - FUENTE DE CATALOGACIÓN | |
| Agencia que crea de manera original el registro | DO-SdBPM |
| Idioma de catalogación | spa |
| Agencia que realiza la transcripción | BPMSU |
| Convenciones de la despripción | rda |
| 082 #4 - NÚMERO DE CLASIFICACIÓN DECIMAL DE DEWEY | |
| Classification number | R495.11 |
| Item number | M593a 2016 |
| Edition number | 22 |
| 092 ## - LOCALLY ASSIGNED DEWEY DECIMAL CALL NUMBER | |
| Número de clasificación | |
| 245 00 - MENCIÓN DE TITULO | |
| Título | Método avanzado de aprendizaje del vocabulario HSK |
| Mención de responsabilidad | |
| 260 ## - PUBLICACIÓN, DISTRIBUCIÓN, ETC. (PIE DE IMPRENTA) | |
| Lugar de publicación, distribución, etc | República Popular, China : |
| Fecha de publicación, distribución, etc | 2016 |
| Nombre del editor, distribuidor, etc. | Sonolingua, |
| -- | |
| 300 ## - DESCRIPCIÓN FÍSICA | |
| Extensión | 6 vs. : |
| Dimensiones | 23 cm. |
| 500 ## - NOTA GENERAL | |
| Materiales especificados | |
| 590 ## - NOTA LOCAL | |
| Texto de la nota local | Inventariado, 2025/VM |
| 650 #4 - ENCABEZAMIENTO DE MATERIA--TEMÁTICO | |
| Término temático o nombre geográfico como elemento de entrada | Chino |
| Subdivisión temática general | Alfabeto. |
| 650 #4 - ENCABEZAMIENTO DE MATERIA--TEMÁTICO | |
| Término temático o nombre geográfico como elemento de entrada | Escritura china. |
| 650 #4 - ENCABEZAMIENTO DE MATERIA--TEMÁTICO | |
| Subdivisión temática general | Gramática. |
| Término temático o nombre geográfico como elemento de entrada | Chino |
| 650 #4 - ENCABEZAMIENTO DE MATERIA--TEMÁTICO | |
| Término temático o nombre geográfico como elemento de entrada | Chino |
| Subdivisión temática general | Escritura |
| Subdivisión de forma | |
| 910 ## - VALIDACIÓN | |
| Validación | VMateo V. Control de calidad. BPMSU |
| 942 ## - ADDED ENTRY ELEMENTS (KOHA) | |
| Source of classification or shelving scheme | Dewey Decimal Classification |
| Koha item type | Libros |
| Withdrawn status | Lost status | Source of classification or shelving scheme | Damaged status | Not for loan | Collection code | Home library | Current library | Date acquired | Source of acquisition | Total Checkouts | Full call number | Barcode | Date last seen | Copy number | Price effective from | Koha item type |
|---|---|---|---|---|---|---|---|---|---|---|---|---|---|---|---|---|
| Dewey Decimal Classification | Colección de Referencia General | Biblioteca Pública Metropolitana Salomé Ureña | Biblioteca Pública Metropolitana Salomé Ureña | 03/06/2025 | Sinolingua | BPMSU CGR R495.11 M593a 2016 | BPMSU25030042 | 03/06/2025 | v.4 | 03/06/2025 | Libros | |||||
| Dewey Decimal Classification | Colección de Referencia General | Biblioteca Pública Metropolitana Salomé Ureña | Biblioteca Pública Metropolitana Salomé Ureña | 03/06/2025 | Sinolingua | BPMSU CGR R495.11 M593a 2016 | BPMSU25030043 | 03/06/2025 | v.4 e.2 | 03/06/2025 | Libros |